000 00585nam a22001817a 4500
005 20251108165300.0
008 250721s1984 xx 000 0 ara d
082 1 4 _a631.3/سيد
100 1 _aغنيم، السيد يوسف عبد الوهاب
245 1 0 _aالحراثة و المحاريث /
264 1 _aطرابلس :
_bالمنشأة العامة للنشر،
_c1984.
300 _a368ص : مص
650 1 7 _aالهندسة الزراعية
650 1 7 _aالآلات الزراعية
700 1 _aالشريف، شرف الدين
942 _2ddc
_cBK
999 _c24043
_d24043